Top 25 NCAA Basketball Players For The 2017-18 Season - Statistics

General Stats
  • This quiz has been taken 109 times
  • The average score is 7 of 25
Answer Stats
# Player College % Correct
2 Michael Porter, Jr. Missouri
70%
1 Grayson Allen Duke
63%
8 Miles Bridges Michigan State
49%
7 DeAndre Ayton Arizona
48%
5 Jalen Brunson Villanova
44%
12 Jevon Carter West Virginia
44%
10 Wendell Carter Duke
44%
3 Bonzie Colson Notre Dame
39%
4 Ethan Happ Wisconsin
35%
24 Robert Williams Texas A&M
35%
9 Allonzo Trier Arizona
32%
18 Mohamed Bamba Texas
29%
11 Devonte' Graham Kansas
28%
22 Moe Wagner Michigan
24%
19 Joel Berry II North Carolina
23%
16 Trevon Bluiett Xavier
18%
14 Trevon Duval Duke
18%
15 Landry Shamet Wichita State
17%
23 Angel Delgado Seton Hall
15%
21 Hamidou Diallo Kentucky
10%
6 Jock Landale Saint Mary's
10%
17 Nick Ward Michigan State
10%
20 Rawle Alkins Arizona
6%
13 Kelan Martin Butler
4%
25 Jeffrey Carroll Oklahoma State
2%
No matching quizzes found
Score Distribution
Percent of People with Each Score
Percentile by Number Answered
Your Score History
You have not taken this quiz